00633 2200217 4500001002100000005001500021035002000036007000300056008004100059020001800100082001100118084001700129100004100146245009000187250001000277260003900287300002200326650001900348520003900367990000900406INLIS00000000000010120170911014334 a0010-0917000087ta170911 f 0 ind  a979-24-0929-1 a297.56 a297.56 SAL f0 aSalim, Abu Malik Kamal bin As Sayyid1 aFiqih Sunah Wanita :bPanduan Lengkap Wanita Muslimah /cPenerjemah, M. Taqdir Arsyad aCet.9 aJakarta Timur :bGriya Ilmu,c2016 a671 ;c15 x 24 cm aFiqih Muslimah aJudul asli Fiqhus Sunnah Lin Nisa' a6133